000 00728nam a22002177a 4500
005 20241122142535.0
010 _aENG-142324
020 _c500.00
_a9789392151279
035 _aEN-125856
037 _bDBAD
082 _a637.1
_2First
245 _aContemporary Management:
_bReserch Practices Volume-2/
_cEditd by P. Aranganathan , S. Christina Sheela and R. V. Suresh
250 _aFirst
260 _aTamil Nadu
_bFirst Book Publishing
_c2024
270 _bTamil Nadu
_a61, 66 T. P. K. Main Road, Vasantha Nagar, Madurai,
_e625003
300 _a377p.
_c25cm(pbk)
700 _aSheela, Christina S.
_973342
700 _aSuresh, R. V.
_973343
760 _bFirst
942 _2ddc
_cEN
_h637.1
_mCON
_e2024
999 _c206680
_d206680